Surnom des Equipes de Liga - Statistiques

Statistiques générales
  • Ce quiz a été pris 50 fois
  • Le résultat moyen est 4 sur 20
Statistiques - réponses
Équipe Surnom % Correct
Barcelone Blaugranas/Barça
76%
Atlético Madrid Colchoneros/Rojiblancos
71%
Real Madrid Casa Blanca/Merengues
69%
Villarreal Submarino Amarillo/Sous-marin Jaune
47%
Real Sociedad Real/Txuri-Urdinak
27%
Real Bétis Verdiblancos/Heliopolitanos
13%
Rayo Vallecano Rayo/Franjirrojos
11%
Athletic Bilbao Leones/Rojiblancos
9%
Séville Sevillistas/Rojiblancos
9%
Getafe Geta/Azulones
4%
Leganés Legionarios/Lega/Pepineros
4%
Espanyol Pericos/Blanquiazules
4%
Las Palmas Amarillos/Union Deportiva/Pio-Pio
2%
Celta Vigo Célticos/Celestes
2%
Valence Ches/Merengots/Blanquinegros
2%
Deportivo Alavés Babazorros/Glorioso
0%
Majorque Bermellones
0%
Gérone Blanquivermells
0%
Osasuna Gorritxoak/Rojillos
0%
Real Valladolid Pucelanos/Blanquivioletas
0%
Aucun quiz correspondant
Distribution des résultats
% des personnes avec chaque résultat
Percentile par nombre de réponses
Votre historique - résultats
Vous n’avez pas pris ce quiz